| 000 | 01136nam a2200277 a 4500 | ||
|---|---|---|---|
| 003 | BLK | ||
| 005 | 20241107165608.0 | ||
| 008 | 202008b bul||n||r|||||||| n|bulo| | ||
| 020 | _a 9786191952359 | ||
| 040 | _aBLK | ||
| 041 |
_aBUL _cBUL |
||
| 080 |
_aФотография. Кинематография _b77 _x.03/.08(035) _z77.03/.08(035) |
||
| 100 |
_aФрийман, Майкъл _eпърви автор _9283732 |
||
| 139 |
_aФрийман, Майкъл _bФ 83 |
||
| 245 | 1 | 0 |
_aБиблия на фотографията _cМайкъм Фрийман ; прев. от англ. Боян Вагалински. |
| 257 | _aGBR | ||
| 260 |
_aСофия _bКнигомания _c2020 _9214104 |
||
| 300 |
_a336 с. _bсъс сн. _c17 см. |
||
| 380 | _a7 | ||
| 500 | _aОриг. загл.: The photography bible / Michael Freeman. - Азб. показалец. | ||
| 650 | 7 |
_9175953 _aФотография |
|
| 700 |
_9389781 _aВагалински, Боян Людмилов _gПреводач от английски език. |
||
| 852 |
_aЦб I 39976 _bЦб |
||
| 942 |
_cKNG _n0 _s1 _04 |
||
| 944 |
_aCR _c2020-08-10 _k30560 _lГеновева Генчева |
||
| 999 |
_c381034 _d381034 |
||